| 000 | 00642cam a2200229 4500500 | ||
|---|---|---|---|
| 005 | 20260329003014.0 | ||
| 041 | _afre | ||
| 042 | _adc | ||
| 100 | 1 | 0 |
_aEltchaninoff, Michel _eauthor |
| 245 | 0 | 0 | _aÉmois du moi |
| 260 | _c2014. | ||
| 500 | _a6 | ||
| 690 | _aAutrui | ||
| 690 | _aHaine de soi | ||
| 690 | _aMichel Eltchaninoff | ||
| 690 | _aMoi | ||
| 690 | _aNarcissisme | ||
| 690 | _aRousseau | ||
| 690 | _aS’aimer soi-même | ||
| 786 | 0 | _nPhilosophie magazine | 80 | 6 | 2014-06-01 | p. 23-23 | 1951-1787 | |
| 856 | 4 | 1 | _uhttps://shs.cairn.info/magazine-philosophie-magazine-2014-6-page-23?lang=fr&redirect-ssocas=7080 |
| 999 |
_c1820440 _d1820439 |
||